| 000 | 00505nam a2200157 i 4500 | ||
|---|---|---|---|
| 001 | 26490 | ||
| 003 | ES-MaACL | ||
| 005 | 20230906153442.0 | ||
| 007 | t| | ||
| 008 | 030109s1941 sp ||||1| spa d | ||
| 100 | 1 |
_aAunós Pérez, Antonio. _923921 |
|
| 245 | 1 | 4 |
_aLos problemas de la producción en el orden nuevo _b: ideario político-social / _cpor Antonio Aunós Pérez. |
| 260 |
_aBarcelona : _bBosch, _c[1941] ( _fImp. Clavasó) |
||
| 300 |
_a242 p. ; _c21 cm. |
||
| 852 |
_aES-MaACL _jB-9272 _bR.19267 |
||
| 999 |
_c26490 _d26490 |
||